Welcome to WEB OPAC of MRSPTU Central Library

Signals and systems (Record no. 6312)

MARC details
000 -LEADER
fixed length control field 00421nam a2200169Ia 4500
008 - FIXED-LENGTH DATA ELEMENTS--GENERAL INFORMATION
fixed length control field 230711s9999||||xx |||||||||||||| ||und||
020 ## - INTERNATIONAL STANDARD BOOK NUMBER
International Standard Book Number 978-81-224-3627-3
041 ## - LANGUAGE CODE
Language code of text/sound track or separate title DOI
082 ## - DEWEY DECIMAL CLASSIFICATION NUMBER
Classification number 621.382
Item number KU-S
100 ## - MAIN ENTRY--PERSONAL NAME
Personal name Kumar,B
245 #0 - TITLE STATEMENT
Title Signals and systems
250 ## - EDITION STATEMENT
Edition statement 2nd Ed.
260 ## - PUBLICATION, DISTRIBUTION, ETC.
Date of publication, distribution, etc. 2014
Place of publication, distribution, etc. New Delhi
Name of publisher, distributor, etc. New Age International Publishers
300 ## - PHYSICAL DESCRIPTION
Extent 703p.
650 ## - SUBJECT ADDED ENTRY--TOPICAL TERM
Topical term or geographic name entry element Electronics Engineering
942 ## - ADDED ENTRY ELEMENTS (KOHA)
Koha item type Book
Holdings
Withdrawn status Lost status Damaged status Not for loan Collection Home library Current library Date acquired Source of acquisition Cost, normal purchase price Inventory number Total checkouts Full call number Barcode Date last seen Price effective from Koha item type
          MRSPTU Central Library MRSPTU Central Library   Krishna Book Distributors 375.00 KBD/2016-2017/961542808   621.382 KU-S 35956 08/17/2023 08/17/2023 Book
          MRSPTU Central Library MRSPTU Central Library   Krishna Book Distributors 375.00 KBD/2016-2017/961542808   621.382 KU-S 35957 08/17/2023 08/17/2023 Book
          MRSPTU Central Library MRSPTU Central Library   Krishna Book Distributors 375.00 KBD/2016-2017/961542808   621.382 KU-S 35958 08/17/2023 08/17/2023 Book
          MRSPTU Central Library MRSPTU Central Library   Krishna Book Distributors 375.00 KBD/2016-2017/961542808   621.382 KU-S 35959 08/17/2023 08/17/2023 Book
          MRSPTU Central Library MRSPTU Central Library   Krishna Book Distributors 375.00 KBD/2016-2017/961542808   621.382 KU-S 35960 08/17/2023 08/17/2023 Book
          MRSPTU Central Library MRSPTU Central Library   Krishna Book Distributors 375.00 KBD/2016-2017/961542808   621.382 KU-S 35961 08/17/2023 08/17/2023 Book
          MRSPTU Central Library MRSPTU Central Library   Krishna Book Distributors 375.00 KBD/2016-2017/961542808   621.382 KU-S 35962 08/17/2023 08/17/2023 Book
          MRSPTU Central Library MRSPTU Central Library   Krishna Book Distributors 375.00 KBD/2016-2017/961542808   621.382 KU-S 35963 08/17/2023 08/17/2023 Book
          MRSPTU Central Library MRSPTU Central Library   Krishna Book Distributors 375.00 KBD/2016-2017/961542808   621.382 KU-S 35964 08/17/2023 08/17/2023 Book
          MRSPTU Central Library MRSPTU Central Library   Krishna Book Distributors 375.00 KBD/2016-2017/961542808   621.382 KU-S 35965 08/17/2023 08/17/2023 Book

Website Designed and Developed by MRSPTU Central Library Team

E-mail Id: librarian@mrsptu.ac.in